Focus on birds /

Guardado en:
Autor Principal: Ganeri, Anita
Formato: Libro
Publicado: New York : Shooting Star Press, 1994
Materias:
Etiquetas: Agregar Etiqueta
Sin Etiquetas, Sea el primero en etiquetar este registro!
LEADER 00777nam a22002175a 4500
001 CEM.cems016526
005 20111004101434.0
008 130507s1994##################000#0#####d
003 CEMS
020 |a 156924037X 
082 0 4 |a 428.64 
100 1 |a Ganeri, Anita 
245 1 0 |a Focus on birds /  |c Anita Ganeri 
260 |a New York :  |b Shooting Star Press,  |c 1994 
300 |a 32 p. 
505 0 |a What are birds -- Feathers -- Flight -- Migration -- Bird Beaks -- Food and feeding -- Feet -- Night birds -- Bird communication -- Courtship -- Nest building -- Eggs and young -- Where birs live -- The variety of birds 
653 |a Aves 
653 |a Pájaros 
653 |a Birds 
653 |a Inglés-enciclopedias 
859 |a CEMS  |b BIB. CEMS - Agricultura  |h 428.64  |i G154-1  |p A17838.94  |t Ej.1